000 005860000a22001930004500
090 _aAR
_b03907
245 1 0 _aMelanoploid genitalia and mechanical isolation
650 1 4 _aEntomología
_94483
650 1 4 _aTaxonomía animal
_98245
650 1 4 _aAnatomía
_995070
650 1 4 _aReproducción animal
_987770
653 _gBarytettix
041 0 _aInglés
700 1 _aCohn, T. J.
_997736
700 1 _aCohn, T. J.
_997736
100 1 _aCantrall, I. J.
_997737
942 _cARTICULO
773 1 _tProceedings Internat. Study Conf. Current and Future Problems of Acridology
_q35-46
_d1970
999 _c12942
_d12942